| 000 | 00439nam a22001577a 4500 | ||
|---|---|---|---|
| 005 | 20250516181231.0 | ||
| 008 | 250516b |||||||| |||| 00| 0 eng d | ||
| 020 | _a9780324590906 | ||
| 050 |
_aHF5549 _b.12 LEO |
||
| 100 | _aEdwin C. Leonard | ||
| 245 |
_aSupervision; _bconcepts and practices of management |
||
| 250 | _a11th | ||
| 260 |
_aAustralia _bSouth-Western Cengage Learning _cc2010 |
||
| 300 | _axxiii, 584p | ||
| 942 |
_2lcc _cBK _n0 |
||
| 999 |
_c5832 _d5832 |
||